Statistics for Rupaul's Drag Race Season 2 Queens In Order

Click here to take the quiz!

General Stats

  • This quiz has been taken 132 times
  • The average score is 11 of 12

Answer Stats

PlaceAnswer% Correct
12thShangela
96%
3rdJujubee
95%
2ndRaven
95%
1stTyra Sanchez
95%
4thTatianna
93%
5thPandora Boxx
91%
9thSonique
90%
10thMystique Summers Madison
88%
8thMorgan McMichaels
87%
11thNicole Paige Brooks
82%
7thSahara Davenport
80%
6thJessica Wild
78%

Score Distribution

Percentile by Number Answered

Percent of People with Each Score

Your Score History

You have not taken this quiz